[Event "AUS-ch Major"]
[Site "Parramatta"]
[Date "2008.01.11"]
[Round "11"]
[White "Djukovic, Dragan"]
[Black "Buciu, John Aurel"]
[Result "1/2-1/2"]
[WhiteElo "1729"]
[BlackElo "1502"]
[PlyCount "95"]
[EventDate "2008.01.02"]
[EventType "swiss"]
[EventRounds "11"]
[EventCountry "AUS"]
[SourceTitle "EXT 2010"]
[Source "ChessBase"]
[SourceDate "2010.11.25"]
[SourceVersion "1"]
[SourceVersionDate "2010.11.25"]
[SourceQuality "1"]

1. Nf3 d5 2. d4 Bf5 3. c4 c6 4. e3 e6 5. Nc3 Nf6 6. Qb3 Qc7 7. Be2 Nbd7 8. Bd2 Be7 9. Rc1 Qb6 10. Qxb6 axb6 11. a3 Bg4 12. cxd5 exd5 13. h3 Bh5 14. Ne5 Bxe2 15. Nxd7 Nxd7 16. Kxe2 0-0 17. g4 Rfe8 18. h4 Bf6 19. Kf3 g6 20. g5 Bg7 21. h5 f5 22. hxg6 hxg6 23. Ne2 Kf7 24. Rh3 Rh8 25. Rch1 Rxh3+ 26. Rxh3 Rh8 27. Rxh8 Bxh8 28. Nf4 Nf8 29. Ke2 Nh7 30. Nh3 Bg7 31. f4 Bf8 32. Ng1 Bd6 33. Nf3 Nf8 34. Bc3 Ne6 35. Ne5+ Bxe5 36. dxe5 c5 37. Bd2 Ke7 38. Kd3 Kd7 39. Kc3 Kc6 40. b4 Kb5 41. Kb3 Kc6 42. a4 c4+ 43. Kc3 b5 44. a5 Kd7 45. Bc1 Kc6 46. Bd2 b6 47. axb6 Kxb6 48. Bc1 1/2-1/2

[Event "AUS-ch Major"]
[Site "Parramatta"]
[Date "2008.01.10"]
[Round "10"]
[White "Stokes, Mark"]
[Black "Djukovic, Dragan"]
[Result "1-0"]
[WhiteElo "1647"]
[BlackElo "1729"]
[PlyCount "25"]
[EventDate "2008.01.02"]
[EventType "swiss"]
[EventRounds "11"]
[EventCountry "AUS"]
[SourceTitle "EXT 2010"]
[Source "ChessBase"]
[SourceDate "2010.11.25"]
[SourceVersion "1"]
[SourceVersionDate "2010.11.25"]
[SourceQuality "1"]

1. f4 Nf6 2. Nf3 b6 3. d3 d5 4. c3 Bb7 5. Qc2 e6 6. Nbd2 Nc6 7. e4 d4 8. cxd4 Nxd4 9. Qa4+ Nc6 10. Ne5 Qd6 11. a3 0-0-0 12. Ndc4 Qd4 13. Be3 1-0

[Event "AUS-ch Major"]
[Site "Parramatta"]
[Date "2008.01.03"]
[Round "3"]
[White "Djukovic, Dragan"]
[Black "Brockman, Roland"]
[Result "1-0"]
[WhiteElo "1729"]
[BlackElo "1550"]
[PlyCount "79"]
[EventDate "2008.01.02"]
[EventType "swiss"]
[EventRounds "11"]
[EventCountry "AUS"]
[SourceTitle "EXT 2010"]
[Source "ChessBase"]
[SourceDate "2010.11.25"]
[SourceVersion "1"]
[SourceVersionDate "2010.11.25"]
[SourceQuality "1"]

1. Nf3 d5 2. d4 Nf6 3. e3 g6 4. c4 Bg7 5. Nc3 0-0 6. cxd5 Nxd5 7. Be2 Nxc3 8. bxc3 c5 9. 0-0 cxd4 10. cxd4 b6 11. Ba3 Bb7 12. Rc1 Nc6 13. Qa4 Qd5 14. Qc4 Rfd8 15. Bb2 Rac8 16. a3 Na5 17. Qxd5 Bxd5 18. Rxc8 Rxc8 19. Rc1 Rxc1+ 20. Bxc1 Bc4 21. Bxc4 Nxc4 22. Nd2 Nxd2 23. Bxd2 a5 24. a4 f5 25. Kf1 Kf7 26. Ke2 Ke6 27. Kd3 Kd5 28. f3 Kc6 29. Kc4 e6 30. e4 fxe4 31. fxe4 Bf8 32. Bf4 Bb4 33. d5+ exd5+ 34. exd5+ Kb7 35. Kb5 Bc5 36. d6 Kc8 37. Kc6 Bb4 38. d7+ Kd8 39. Bc7+ Ke7 40. d8Q+ 1-0

[Event "AUS-ch Major"]
[Site "Parramatta"]
[Date "2008.01.02"]
[Round "1"]
[White "Djukovic, Dragan"]
[Black "Rose, Adrian"]
[Result "0-1"]
[WhiteElo "1729"]
[BlackElo "2081"]
[PlyCount "54"]
[EventDate "2008.01.02"]
[EventType "swiss"]
[EventRounds "11"]
[EventCountry "AUS"]
[SourceTitle "EXT 2010"]
[Source "ChessBase"]
[SourceDate "2010.11.25"]
[SourceVersion "1"]
[SourceVersionDate "2010.11.25"]
[SourceQuality "1"]

1. Nf3 c5 2. c4 Nc6 3. Nc3 e5 4. e3 f5 5. d3 Nf6 6. Be2 d5 7. cxd5 Nxd5 8. Qa4 Nb6 9. Qd1 Be6 10. b3 Be7 11. Bb2 0-0 12. 0-0 Qd7 13. Nb5 Bf6 14. Na3 e4 15. Bxf6 exf3 16. Bxf3 Rxf6 17. Be2 Rd8 18. Qc1 Qd6 19. f4 a6 20. Nc4 Nxc4 21. bxc4 Bf7 22. Qb2 Qe7 23. Rf3 Bh5 24. Rg3 Bxe2 25. Qxe2 Rfd6 26. Rd1 Nb4 27. d4 Rxd4 0-1